Spline models for observational data

Αποθηκεύτηκε σε:
Λεπτομέρειες βιβλιογραφικής εγγραφής
Κύριος συγγραφέας: Wahba, Grace 1934-
Μορφή: Βιβλίο
Γλώσσα:English
Δημοσίευση: Philadelphia, Pa. : Society for Industrial and Applied Mathematics, 2006, c1990
Έκδοση:5th printing
Σειρά:CBMS-NSF regional conference series in applied mathematics ; ; 59
Θέματα:
Ετικέτες: Προσθήκη ετικέτας
Δεν υπάρχουν, Καταχωρήστε ετικέτα πρώτοι!

MARC

LEADER 00000nam a2200000 i 4500
001 1/64265
008 071123s19902006 eng d
020 |a 0-89871-244-0 
035 |l 10092513 
040 |a GR-MY-UA  |b gre  |e aacr 
041 0 |a eng 
082 0 |a 519.5  |2 (22) 
100 1 |a Wahba, Grace  |d 1934- 
245 1 0 |a Spline models for observational data /  |c Grace Wahba 
250 |a 5th printing 
260 |a Philadelphia, Pa. :   |b Society for Industrial and Applied Mathematics,   |c 2006, c1990 
300 |a xii, 169 σ.;  |b εικ.;  |c 26 εκ. 
490 1 |a CBMS-NSF Regional Conference series in applied mathematics  |v ; 59 
504 |a Περιέχει βιβλιογραφικές παραπομπές (σ. 153-165) και ευρετήριο 
650 0 0 |a Spline theory. 
650 0 0 |a Mathematical statistics. 
830 0 |a CBMS-NSF regional conference series in applied mathematics ;  |v ; 59 
852 |a INST  |b SAMOS  |e 20071123  |h 519.5 WAH  |p 005300027745  |q 005300027745  |t BK  |y 0 
901 |a BIBL3-2007-3 
909 |a Σ  |b 140287 
922 |a 3ΕΛΗ  |b 200711  |c ΕΠΕΑΕΚ2/ΤΣΑΕ  |d ΠΑΠΑΣΩΤΗΡΙΟΥ 
970 |a ΡΟΥΣΣΟΥ  |b ΚΩΝΣΤΑΝΤΙΝΑ  |z 2007/11/23